[Event "Moscow op-E"]
[Site "Moscow"]
[Date "2011.02.06"]
[Round "9.86"]
[White "Wan, Yunguo"]
[Black "Yarmolenko, Evgeny"]
[Result "1-0"]
[WhiteElo "2469"]
[BlackElo "2285"]
[PlyCount "37"]
[EventDate "2011.01.29"]
[EventType "swiss"]
[EventRounds "9"]
[EventCountry "RUS"]
[SourceTitle "EXT 2022"]
[Source "ChessBase"]
[SourceDate "2021.10.06"]
[SourceVersion "1"]
[SourceVersionDate "2021.10.06"]
[SourceQuality "1"]

1. e4 c5 2. Nf3 d6 3. d4 cxd4 4. Nxd4 Nf6 5. Nc3 a6 6. Be3 e6 7. g4 Be7 8. g5 Nfd7 9. h4 Nc6 10. Qe2 Nxd4 11. Bxd4 0-0 12. 0-0-0 b5 13. a3 Bb7 14. Bh3 g6 15. f4 Qc7 16. h5 e5 17. hxg6 hxg6 18. Bxd7 Kg7 19. Rh7+ 1-0

[Event "Moscow op-E"]
[Site "Moscow"]
[Date "2011.02.01"]
[Round "4.129"]
[White "Yarmolenko, Evgeny"]
[Black "Goryachkina, Aleksandra"]
[Result "1-0"]
[WhiteElo "2285"]
[BlackElo "2045"]
[PlyCount "79"]
[EventDate "2011.01.29"]
[EventType "swiss"]
[EventRounds "9"]
[EventCountry "RUS"]
[SourceTitle "EXT 2022"]
[Source "ChessBase"]
[SourceDate "2021.10.06"]
[SourceVersion "1"]
[SourceVersionDate "2021.10.06"]
[SourceQuality "1"]

1. e4 c5 2. Nf3 Nc6 3. d4 cxd4 4. Nxd4 e5 5. Nb5 d6 6. N1c3 a6 7. Na3 b5 8. Nd5 Nf6 9. Bg5 Be7 10. Bxf6 Bxf6 11. c4 b4 12. Nc2 Rb8 13. Be2 0-0 14. b3 Bg5 15. Bg4 f5 16. Bxf5 Bxf5 17. exf5 Rxf5 18. Qg4 Qf8 19. 0-0 Bd8 20. Rad1 g6 21. Qe4 Rf7 22. Nde3 Rc8 23. Qd5 Be7 24. f4 Kg7 25. fxe5 dxe5 26. g3 Rxf1+ 27. Rxf1 Qe8 28. Qe6 Bc5 29. Qf6+ Kg8 30. Kg2 Qe7 31. Nd5 Qxf6 32. Nxf6+ Kg7 33. Ne4 Bd4 34. Ng5 Nd8 35. Nxb4 h6 36. Ne4 a5 37. Nd5 a4 38. Nd6 Ra8 39. b4 Ra7 40. b5 1-0

[Event "Moscow op-E"]
[Site "Moscow"]
[Date "2011.01.30"]
[Round "2.124"]
[White "Yarmolenko, Evgeny"]
[Black "Lou, Yiping"]
[Result "0-1"]
[WhiteElo "2285"]
[BlackElo "2429"]
[PlyCount "86"]
[EventDate "2011.01.29"]
[EventType "swiss"]
[EventRounds "9"]
[EventCountry "RUS"]
[SourceTitle "EXT 2022"]
[Source "ChessBase"]
[SourceDate "2021.10.06"]
[SourceVersion "1"]
[SourceVersionDate "2021.10.06"]
[SourceQuality "1"]

1. e4 e6 2. d4 d5 3. Nc3 Nf6 4. e5 Nfd7 5. f4 c5 6. Nf3 Nc6 7. Be3 Be7 8. Qd2 0-0 9. 0-0-0 c4 10. f5 b5 11. fxe6 fxe6 12. Nxb5 Rb8 13. Nd6 Bxd6 14. exd6 Nf6 15. c3 Qa5 16. a3 Ne4 17. Qc2 Nxd6 18. Ng5 g6 19. Be2 e5 20. dxe5 Nxe5 21. Rhf1 Bf5 22. Rxf5 Nxf5 23. Bf4 Rbe8 24. Qd2 Nd6 25. g3 Rf5 26. h4 h6 27. Nh3 Kh7 28. Kb1 Ne4 29. Qc2 Rb8 30. Ka1 Rb3 31. Bxc4 Rxa3+ 32. bxa3 Nxc4 33. Qb3 Qxc3+ 34. Qxc3 Nxc3 35. Rd3 Ne2 36. Rb3 Rf7 37. Rd3 d4 38. Rb3 a5 39. Rb8 Nc3 40. Rc8 Rb7 41. Rc7+ Rxc7 42. Bxc7 d3 43. Nf2 d2 0-1

[Event "Moscow op"]
[Site "Moscow"]
[Date "2011.01.11"]
[Round "8"]
[White "Yarmolenko, Evgeny"]
[Black "Koshevoy, Sergey Vladimirovic"]
[Result "1-0"]
[WhiteElo "2240"]
[BlackElo "2239"]
[PlyCount "139"]
[EventDate "2011.01.03"]
[EventType "swiss"]
[EventRounds "9"]
[EventCountry "RUS"]
[SourceTitle "CBM 140 Extra"]
[Source "ChessBase"]
[SourceDate "2011.03.01"]
[SourceVersion "1"]
[SourceVersionDate "2011.03.01"]
[SourceQuality "1"]

1. e4 c5 2. Nf3 e6 3. d4 cxd4 4. Nxd4 Nf6 5. Nc3 Nc6 6. Ndb5 Bb4 7. a3 Bxc3+ 8. Nxc3 d5 9. exd5 exd5 10. Bd3 0-0 11. 0-0 d4 12. Ne2 Bg4 13. Bg5 Qd6 14. Re1 Rfe8 15. Qd2 Bxe2 16. Rxe2 Rxe2 17. Qxe2 Re8 18. Qf3 Ne5 19. Qf4 Re6 20. Bf5 Re8 21. Rd1 h6 22. Bxf6 Qxf6 23. Qe4 Kf8 24. Bh3 Nc6 25. Qf5 Qd6 26. Qh7 Qe5 27. g3 Qe2 28. Bg4 Qe5 29. Bf3 Rd8 30. Kg2 Rd6 31. Qh8+ Ke7 32. Qc8 Rd7 33. Bxc6 bxc6 34. Qxc6 Rc7 35. Re1 Rxc6 36. Rxe5+ Kd6 37. Re2 Rb6 38. b3 Rc6 39. Kf1 d3 40. Rd2 Rxc2 41. Rxd3+ Ke6 42. Re3+ Kf6 43. b4 g5 44. Kg2 Ra2 45. Rc3 Kg7 46. Kf3 a6 47. g4 f6 48. h3 Kg6 49. Ke3 h5 50. Rd3 h4 51. f4 Kf7 52. fxg5 fxg5 53. Kd4 Ke6 54. Kc5 Rc2+ 55. Kd4 Kd6 56. Rc3 Rf2 57. Rc5 Rf3 58. Rxg5 Rxa3 59. Ra5 Rxh3 60. Rxa6+ Kc7 61. Rh6 Rh1 62. Kc5 h3 63. Rh7+ Kc8 64. Kb6 h2 65. b5 Kd8 66. g5 Ke8 67. g6 Kf8 68. Rf7+ Kg8 69. Rf2 Kg7 70. Rg2 1-0

[Event "Moscow-ch act"]
[Site "Moscow"]
[Date "2010.10.03"]
[Round "7"]
[White "Yarmolenko, Evgeny"]
[Black "Rakhmanov, Alexander"]
[Result "1-0"]
[WhiteElo "2240"]
[BlackElo "2605"]
[PlyCount "59"]
[EventDate "2010.10.03"]
[EventType "swiss"]
[EventRounds "9"]
[EventCountry "RUS"]
[SourceTitle "EXT 2012"]
[Source "ChessBase"]
[SourceDate "2011.11.24"]
[SourceVersion "1"]
[SourceVersionDate "2011.11.24"]
[SourceQuality "1"]

1. d4 d6 2. Nf3 g6 3. c4 Bg7 4. g3 Nd7 5. Bg2 a6 6. 0-0 e6 7. Nc3 Ne7 8. e4 0-0 9. Re1 h6 10. e5 dxe5 11. Nxe5 Nf5 12. Nxd7 Bxd7 13. Bxb7 Ra7 14. Be4 Nxd4 15. Bxh6 c5 16. Bxg7 Kxg7 17. Ne2 Nc6 18. Qd6 Qb6 19. Rad1 Rc8 20. b3 Be8 21. h4 Rd7 22. Qf4 Rcd8 23. Rxd7 Rxd7 24. h5 f5 25. Bxc6 Qxc6 26. Qe5+ Kh6 27. Nf4 Rd4 28. Qh8+ Kg5 29. Nxe6+ Kg4 30. Nxd4 1-0

[Event "Moscow op-A"]
[Site "Moscow"]
[Date "2009.02.07"]
[Round "8"]
[White "Yarmolenko, Evgeny"]
[Black "Sergienko, Sergey"]
[Result "1-0"]
[WhiteElo "2211"]
[BlackElo "1916"]
[PlyCount "75"]
[EventDate "2009.01.31"]
[EventType "swiss"]
[EventRounds "9"]
[EventCountry "RUS"]
[SourceTitle "EXT 2023"]
[Source "ChessBase"]
[SourceDate "2022.10.05"]
[SourceVersion "1"]
[SourceVersionDate "2022.10.05"]
[SourceQuality "1"]

1. e4 c6 2. d4 d5 3. Nc3 dxe4 4. Nxe4 Nf6 5. Nxf6+ exf6 6. Nf3 g6 7. h3 Bg7 8. Bd3 0-0 9. 0-0 a5 10. Re1 Na6 11. c4 Nc7 12. Be3 Be6 13. Qd2 Qd7 14. Bh6 Rfe8 15. Bxg7 Kxg7 16. Bf1 b5 17. d5 cxd5 18. c5 b4 19. Nd4 Reb8 20. a4 bxa3 21. bxa3 a4 22. Rab1 Rxb1 23. Rxb1 Qe7 24. Qe3 Kg8 25. Qf4 Ne8 26. Rb8 Rxb8 27. Qxb8 Kg7 28. Nc6 Qc7 29. Qb6 Qf4 30. Qb2 h5 31. Nd4 Nc7 32. Qb4 Qc1 33. c6 Qd1 34. Qb6 Kh6 35. Qb4 Kh7 36. Qb6 Na8 37. Qa7 Nc7 38. Nxe6 1-0

[Event "Moscow op-A"]
[Site "Moscow"]
[Date "2009.02.02"]
[Round "3"]
[White "Efanov, Nikolai Aleksandrov"]
[Black "Yarmolenko, Evgeny"]
[Result "1/2-1/2"]
[WhiteElo "2411"]
[BlackElo "2211"]
[PlyCount "47"]
[EventDate "2009.01.31"]
[EventType "swiss"]
[EventRounds "9"]
[EventCountry "RUS"]
[SourceTitle "EXT 2022"]
[Source "ChessBase"]
[SourceDate "2021.10.06"]
[SourceVersion "1"]
[SourceVersionDate "2021.10.06"]
[SourceQuality "1"]

1. e4 e6 2. d4 d5 3. Nd2 dxe4 4. Nxe4 Bd7 5. Nf3 Bc6 6. Bd3 Nd7 7. c4 Ngf6 8. Nc3 Be7 9. 0-0 0-0 10. Re1 Bxf3 11. Qxf3 c6 12. Bf4 Re8 13. Rad1 Nf8 14. d5 exd5 15. cxd5 Bb4 16. dxc6 bxc6 17. Qxc6 Rxe1+ 18. Rxe1 Rc8 19. Qf3 Bxc3 20. bxc3 Qa5 21. Bb1 Qxc3 22. Qxc3 Rxc3 23. Rc1 Rxc1+ 24. Bxc1 1/2-1/2

[Event "Moscow op-A"]
[Site "Moscow"]
[Date "2009.02.01"]
[Round "2"]
[White "Yarmolenko, Evgeny"]
[Black "Hovhannisyan, Robert"]
[Result "0-1"]
[WhiteElo "2211"]
[BlackElo "2402"]
[PlyCount "122"]
[EventDate "2009.01.31"]
[EventType "swiss"]
[EventRounds "9"]
[EventCountry "RUS"]
[SourceTitle "EXT 2022"]
[Source "ChessBase"]
[SourceDate "2021.10.06"]
[SourceVersion "1"]
[SourceVersionDate "2021.10.06"]
[SourceQuality "1"]

1. e4 e5 2. Nf3 Nf6 3. Nxe5 d6 4. Nf3 Nxe4 5. d4 d5 6. Bd3 Nc6 7. 0-0 Bg4 8. c4 Nf6 9. Nc3 dxc4 10. Bxc4 Be7 11. d5 Ne5 12. Bb5+ Ned7 13. h3 Bxf3 14. Qxf3 a6 15. Ba4 0-0 16. Bc2 Bd6 17. Bg5 h6 18. Bh4 Ne5 19. Qf5 Ng6 20. Ne4 Be7 21. Nxf6+ Bxf6 22. Bg3 Bh4 23. Bh2 Be7 24. Qg4 Bd6 25. Bxg6 Bxh2+ 26. Kxh2 fxg6 27. Qxg6 Qxd5 28. Qg3 Qf7 29. Rac1 c6 30. b3 Rad8 31. Rc2 Rd5 32. Re2 Rg5 33. Qe3 Qd5 34. Qe6+ Qxe6 35. Rxe6 Rd5 36. Re2 Rfd8 37. f4 Rd2 38. Rff2 Rxe2 39. Rxe2 Kf7 40. Re3 c5 41. Kg3 b5 42. Kf3 Rd2 43. Rc3 Rxa2 44. Rxc5 Ra3 45. Rc3 a5 46. Ke4 Ke6 47. Rc6+ Kd7 48. Rg6 Rxb3 49. Rxg7+ Kd6 50. Rg6+ Kc5 51. f5 b4 52. Ra6 Kb5 53. f6 Rb1 54. Re6 b3 55. Re5+ Kc4 56. Re7 Re1+ 57. Kf5 Rf1+ 58. Ke4 Rxf6 59. Rc7+ Kb4 60. Rb7+ Ka3 61. g4 b2 0-1